| 000 | 02890nam0a2200373 i 4500 | ||
|---|---|---|---|
| 001 | RU\NLR\BIBL_A\011602687 | ||
| 005 | 20260408211759.0 | ||
| 010 |
_a9785736713509 _9300 |
||
| 021 |
_aRU _b2017-100955 _97275 |
||
| 035 | _a(RuMoRGB)009502055 | ||
| 035 | _a(NLR Aleph) 011602687 | ||
| 090 |
_a10898375 _c10898375 |
||
| 100 | _a20180126d2017 um y0rusy50 ca | ||
| 101 | 0 |
_arus _deng |
|
| 102 | _aRU | ||
| 105 | _aa|||z|||000zy | ||
| 200 | 1 |
_aРезультаты реализации перспективных инновационных проектов при модернизации, строительстве и реконструкции животноводческих помещений _f[Маргарита Михайловна Войтюк, Елена Алексеевна Сураева, Анастасия Витальевна Горячева] _gМинистерство образования и науки Российской Федерации, Федеральное государственное бюджетное научное учреждение "Российский научно-исследовательский институт информации и технико-экономических исследований по инженерно-техническому обеспечению агропромышленного комплекса" (ФГБНУ "Росинформагротех"), Московский филиал ФГБНУ "Росинформагротех" (НПЦ "Гипронисельхоз") |
|
| 210 |
_aМосква _cФГБНУ "Росинформагротех" _d2017 |
||
| 215 |
_a87 с. _cил., табл. _d20 |
||
| 300 | _aАвт. указаны перед вып. дан. | ||
| 320 | _aБиблиогр.: с. 86 (11 назв.) | ||
| 606 | 1 |
_aЖивотноводческие постройки _xСтроительство _91136246 _3RU\NLR\AUTH\66451793 |
|
| 606 |
_aСельскохозяйственное строительство _xИнновационные проекты _3RU\NLR\AUTH\6601631964 _92360429 |
||
| 686 | 1 | _aН756-06 | |
| 686 | 1 | _aУ31(2)532-55 | |
| 700 | 1 |
_aВойтюк _bМ. М. _gМаргарита Михайловна |
|
| 701 | 1 |
_aСураева _bЕ. А. _gЕлена Алексеевна |
|
| 701 | 1 |
_aГорячева _bА. В. _gАнастасия Витальевна |
|
| 712 | 0 | 2 |
_4570 _aРоссийский НИИ информации и технико-экономических исследований по инженерно-техническому обеспечению агропромышленного комплекса _cпос. Правдинский, Московская обл. _bМосковский филиал _3RU\NLR\AUTH\8810164573 _9825222 |
| 942 | _cBOOK | ||
| 980 | _aNBR | ||